=LDR 00000nam 2200000 4500 =001 INLIS000000000037685 =005 20130612143414 =008 ***********************************ind** =035 ##$$0010-061300000037685 =041 ##$$a ind =082 ##$$a 649.8 =100 ##$$a Skeet, Nuriel =245 ##$$a Home Nursing =260 ##$$a 1975 $b london =300 ##$$a 368 sheet =850 ##$$a NBPNMAT =990 ##$$a 0001/BPAP-NTB/20142015